| LEADER | 01198nam a2200205 4500 | ||
|---|---|---|---|
| 082 | |a 915.975 |b PH104C | ||
| 100 | |a Phạm Côn Sơn | ||
| 245 | |a Sổ tay cho người du lịch |c Phạm Côn Sơn |n T.7 |p 101 điều cần biết cho người du lịch | ||
| 260 | |a H. |b Thanh niên |c 2003 | ||
| 300 | |a 178 tr. |c 18 cm | ||
| 520 | |a v.v | ||
| 653 | |a Địa lý | ||
| 653 | |a Du lịch | ||
| 653 | |a Việt Nam | ||
| 942 | |2 ddc |c STK0 | ||
| 999 | |c 3104 |d 3104 | ||
| 952 | |0 0 |1 0 |2 ddc |4 0 |6 915_975000000000000_PH104C |7 1 |8 900 |9 35180 |a qbu |b qbu |c D5 |d 2014-12-15 |g 10000 |o 915.975 PH104C |p 4395.c1 |r 0000-00-00 |w 2014-12-15 |y STK0 |0 0 |6 915_975000000000000_PH104C | ||
| 952 | |0 0 |1 0 |2 ddc |4 0 |6 915_975000000000000_PH104C |7 0 |8 900 |9 35181 |a qbu |b qbu |c D5 |d 2014-12-15 |g 10000 |o 915.975 PH104C |p 4395.c2 |r 0000-00-00 |w 2014-12-15 |y STK0 |0 0 |6 915_975000000000000_PH104C | ||
| 952 | |0 0 |1 0 |2 ddc |4 0 |6 915_975000000000000_PH104C |7 0 |8 900 |9 35182 |a qbu |b qbu |c D5 |d 2014-12-15 |g 10000 |o 915.975 PH104C |p 4395.c3 |r 0000-00-00 |w 2014-12-15 |y STK0 |0 0 |6 915_975000000000000_PH104C | ||
| 952 | |0 0 |1 0 |2 ddc |4 0 |6 915_975000000000000_PH104C |7 0 |8 900 |9 35183 |a qbu |b qbu |c D5 |d 2014-12-15 |g 10000 |o 915.975 PH104C |p 4395.c4 |r 0000-00-00 |w 2014-12-15 |y STK0 |0 0 |6 915_975000000000000_PH104C | ||